000
00291nam a22001337a 4500
008
170815b xxu||||| |||| 00| 0 eng d
020
_a
9780072982534
041
_a
eng
080
_2
2ND
_a
51
100
_a
36
101
_a
MAT
245
_a
MATH IN OUR WORLD
_c
SOBECKI,D
942
_2
udc
_c
BK
999
_c
23474
_d
23474